| 000 | 00725nam a2200169Ia 4500 | ||
|---|---|---|---|
| 008 | 090123s9999 xx 000 0 und d | ||
| 082 | _b41265 | ||
| 100 | _aकाळे वसंत पुरूषोत्तम | ||
| 245 | _aवपु सांगे वडिलांची किर्ती | ||
| 250 | _a5 | ||
| 260 |
_bमेहता पब्लिशिंग हाऊस _c2001 |
||
| 600 | _aकाळे वसंत पुरूषोत्तम | ||
| 630 | _aवपु सांगे वडिलांची किर्ती | ||
| 700 | _aकाळे वसंत पुरूषोत्तम | ||
| 730 | _aवपु सांगे वडिलांची किर्ती | ||
| 942 | _cBOOK | ||
| 999 |
_c79340 _d79340 |
||